00679nas a2200229Ia 4500001001200000003001000012008004100022040002500063041001300088100001900101210001000120222001000130245003900140250001100179260000900190501012300199300001300322362002600335500003900361650003200400700001700432dg80-36811 IT-MiCISF161014c99999999xx |||||||||||| ||und|| aIT-MiCISFcIT-MiCISF aITALIANO aGarelli Franco aMadre aMadre 0aGiovani. Le emergenze sono adulte? a1a ed. c2002 bCISF - Centro Internazionale Studi Famiglia - Via Giotto, 36 20145 MILANO (non commercial uses only)cCopyright 2016 app. 8-12 a n. 1, gennaio [2002] a Tema: giovani, società, cultura aetà evolutivavintervista a Sutera Enza